Normal view
MARC view
Entry Personal Name
001 - CONTROL NUMBER
- control field: 765
003 - CONTROL NUMBER IDENTIFIER
- control field: PK-NaQUE
005 - DATE AND TIME OF LATEST TRANSACTION
- control field: 20260612110809.0
008 - FIXED-LENGTH DATA ELEMENTS
- fixed length control field: 260612|| aca||aabn | a|a d
040 ## - CATALOGING SOURCE
- Original cataloging agency: PK-NaQUE
- Transcribing agency: PK-NaQUE
100 ## - HEADING--PERSONAL NAME
- Personal name: Kouvatsos, Demetres D
670 ## - SOURCE DATA FOUND
- Source citation: Work cat.: (PK-NaQUE)8237: Kouvatsos, Demetres D. , Performance Modelling and Analysis of Heterogeneous Networks, 2009.